000
00213nam a22000977a 4500
999
_c
12672
_d
12672
082
_a
657
100
_a
Syed Iftikhar Ali
245
_a
Financial Accounting
260
_a
Pakistan
_b
Khalid Petiwala
_c
2020
942
_c
BK